Mathematical physics : (Record no. 134977)

MARC details
000 -LEADER
fixed length control field 00647nam a22002177a 4500
005 - DATE AND TIME OF LATEST TRANSACTION
control field 20170124110238.0
010 ## - LIBRARY OF CONGRESS CONTROL NUMBER
LC control number B-079441
020 ## - INTERNATIONAL STANDARD BOOK NUMBER
Terms of availability 300.00
International Standard Book Number 8121914698
035 ## - SYSTEM CONTROL NUMBER
System control number B-079441
037 ## - SOURCE OF ACQUISITION
Source of stock number/acquisition Cen Lib/Ret
040 ## - CATALOGING SOURCE
Original cataloging agency DPL
Language of cataloging EN
082 ## - DEWEY DECIMAL CLASSIFICATION NUMBER
Classification number 530
Item number DAS
100 ## - MAIN ENTRY--PERSONAL NAME
Personal name Das, H.K.
9 (RLIN) 42403
245 ## - TITLE STATEMENT
Title Mathematical physics :
Statement of responsibility, etc by H.K.Das
Remainder of title for the students of B.Sc (Honours) and M.Sc.(Physics) /
260 ## - PUBLICATION, DISTRIBUTION, ETC. (IMPRINT)
Place of publication, distribution, etc New Delhi
Name of publisher, distributor, etc S.Chand
Date of publication, distribution, etc 1997
270 ## - ADDRESS
Address Ram Nagar
City New Delhi
Postal code 110055
300 ## - PHYSICAL DESCRIPTION
Extent xv,1134p.
Dimensions 24cm(pbk)
650 ## - SUBJECT ADDED ENTRY--TOPICAL TERM
Topical term or geographic name as entry element Mathematics
9 (RLIN) 8937
650 ## - SUBJECT ADDED ENTRY--TOPICAL TERM
Topical term or geographic name as entry element Mathematical physics
9 (RLIN) 19478
942 ## - ADDED ENTRY ELEMENTS (KOHA)
Source of classification or shelving scheme Dewey Decimal Classification
Koha item type English Books
Classification part 530
Call number suffix DAS
Holdings
Withdrawn status Lost status Damaged status Not for loan Home library Current library Date acquired Source of acquisition Cost, normal purchase price Total Checkouts Full call number Barcode Date last seen Copy number Cost, replacement price Price effective from Koha item type Public note
Written off       Central Library Central Library 01/08/2015 Cen Lib/Ret 300.00   530 DAS B-079441 01/08/2015 1 300.00 01/08/2015 English Books W/d List 8139/18; dtd 22/2/17

© Delhi Public Library
Hit Counter
free hit counter